| 000 | 00560nam a2200157Ia 4500 | ||
|---|---|---|---|
| 008 | 170221s9999 xx 000 0 und d | ||
| 100 | _aJinglan Ou | ||
| 245 | _aOpportunistic Relay Selection for Decode-and-Forward Two-Way Relaying under Outdated Channel State Information | ||
| 245 | _cJinglan Ou, Yawen Hu, Haoran Xu, Ge Wen, and Haowei Wu | ||
| 260 | _bJournal of Communications | ||
| 260 | _c2015 | ||
| 300 | _a35 : 3 | ||
| 650 | _xCommunication | ||
| 650 | _xMedia Arts | ||
| 856 | _uhttp://www.jocm.us/index.php?m=content&c=index&a=lists&catid=164 | ||
| 999 |
_c310657 _d310657 |
||